| 000 | 01073nam a2200325 i 4500 | ||
|---|---|---|---|
| 001 | 12956 | ||
| 003 | KOSZ 005 | ||
| 005 | 20200630132827.0 | ||
| 008 | 950707s1970 pl a f |000 0 pol d | ||
| 040 |
_dKOSZ 005/EC _cKOSZ 005/HR _aKOSZ 005/HR |
||
| 041 | _apol | ||
| 046 | _k1970 | ||
| 080 | _a711.4 | ||
| 080 | _a625 | ||
| 100 | 1 |
_aCzarnecki, Władysław _d(1895-1983). _eAutor |
|
| 245 | 1 | 0 |
_aPlanowanie miast i osiedli. _nT. 4, _pSieć komunikacji dalekiego zasięgu / _cWładysław Czarnecki. |
| 246 | 3 | 0 | _aSieć komunikacji dalekiego zasięgu |
| 250 | _aWyd. 2 rozsz. | ||
| 260 |
_aWarszawa : _bPaństwowe Wydawnictwo Naukowe, _c1970. |
||
| 300 |
_a730 s. ; _bil.; _c24 cm. |
||
| 380 | _aKsiążki. | ||
| 388 | _a1901-2000 | ||
| 388 | _a1945-1989 | ||
| 658 | _aArchitektura i budownictwo | ||
| 650 | 4 | _aPlanowanie przestrzenne | |
| 650 | 4 | _aMiasta | |
| 710 | 2 |
_aPaństwowe Wydawnictwo Naukowe _4pbl. |
|
| 856 |
_uhttp://koha.tu.koszalin.pl/cgi-bin/koha/opac-detail.pl?biblionumber=12956 _yKatalog online BPK |
||
| 942 |
_cKS _2UKD |
||
| 999 |
_c12956 _d12956 |
||